000 00357nam a2200145Ia 4500
008 191201s2005 xx 000 0 und d
082 _a621.38
_bSAE
100 _aSAHDEV, S K
245 0 _aElectronic Devices and Circuits
250 _a3rd
260 _aN.Delhi
_bDhanpat Rai Pub (P) Ltd
_c2005
300 _a699
650 _aB.Tech(ECE)
942 _2ddc
_cBK
999 _c1955
_d1955